Diseases of fruit crops (Record no. 366973)
[ view plain ]
| 000 -LEADER | |
|---|---|
| fixed length control field | 003390000a22001570004500 |
| 020 ## - INTERNATIONAL STANDARD BOOK NUMBER | |
| International Standard Book Number | 8176636169 |
| 060 ## - NATIONAL LIBRARY OF MEDICINE CALL NUMBER | |
| Classification number | 100 |
| 082 ## - DEWEY DECIMAL CLASSIFICATION NUMBER | |
| Classification number | 634.0493 GUP |
| 100 ## - MAIN ENTRY--PERSONAL NAME | |
| Personal name | Gupta, V K |
| 100 ## - MAIN ENTRY--PERSONAL NAME | |
| Personal name | Satish, K Sharma |
| 245 ## - TITLE STATEMENT | |
| Title | Diseases of fruit crops |
| 260 ## - PUBLICATION, DISTRIBUTION, ETC. (IMPRINT) | |
| Place of publication, distribution, etc. | New Delhi, Kalyani Publishers |
| 260 ## - PUBLICATION, DISTRIBUTION, ETC. (IMPRINT) | |
| Date of publication, distribution, etc. | 2000 |
| 300 ## - PHYSICAL DESCRIPTION | |
| Extent | 344 |
| 942 ## - ADDED ENTRY ELEMENTS (KOHA) | |
| Koha item type | Books (General) |
| Withdrawn status | Lost status | Source of classification or shelving scheme | Damaged status | Not for loan | Home library | Current library | Date acquired | Total Checkouts | Full call number | Barcode | Date last seen | Price effective from | Koha item type |
|---|---|---|---|---|---|---|---|---|---|---|---|---|---|
| Dewey Decimal Classification | College of Agriculture, Vellayani | College of Agriculture, Vellayani | 02/05/2014 | 634.0493 GUP | KAU_COAV-BB 288 | 02/05/2014 | 02/05/2014 | Book Bank scheme for SC students | |||||
| Dewey Decimal Classification | College of Agriculture, Vellayani | College of Agriculture, Vellayani | 02/05/2014 | 634.0493 GUP | KAU_COAV-BB 289 | 02/05/2014 | 02/05/2014 | Book Bank scheme for SC students |
